[Event "54th ch-RUS"]
[Site "Elista RUS"]
[Date "2001.05.01"]
[Round "2"]
[White "Sveshnikov,E"]
[Black "Tomashevsky,E"]
[Result "1/2-1/2"]
[WhiteElo "2571"]
[BlackElo "2408"]

1.e4 Nf6 2.e5 Nd5 3.c4 Nb6 4.c5 Nd5 5.Nc3 e6 6.d4 d6 7.cxd6 cxd6 8.Nf3 Nc6
9.Bd3 dxe5 10.dxe5 Ndb4 11.Be4 Qxd1+ 12.Kxd1 Na6 13.a3 Nc5 14.Bd3 a6 15.Re1 b5
16.b4 Nd7 17.Be4 Bb7 18.Bg5 Nb6 19.Nd2 Be7 20.Be3 Nd7 21.f4 Rc8 22.Rc1 O-O
23.Nf3 f6 24.Nd4 fxe5 25.Nxe6 Rfe8 26.f5 Nf6 27.Bf3 Nd8 28.Bxb7 Nxb7 29.Bg5 Nd6
30.Bxf6 Bxf6 31.g4 g6 32.Nd5 Rxc1+ 33.Kxc1 Kf7 34.g5 gxf5 35.Ndc7 Rxe6 36.Nxe6 Kxe6
37.gxf6 Kxf6 38.Kd2 e4 39.Rg1 Ke5 40.Rg7 Nc4+ 41.Kc3 Kf4 42.Rxh7 e3 43.Kd3 Ne5+
44.Ke2 Ke4 45.Re7 f4 46.h4 f3+ 47.Kd1 Kd3 48.Re8 e2+ 49.Ke1 Ng4 50.Rd8+ Ke3
51.Re8+ Kd3 52.Rd8+ Ke3 53.Re8+  1/2-1/2

[Event "54th ch-RUS"]
[Site "Elista RUS"]
[Date "2001.05.02"]
[Round "3"]
[White "Tomashevsky,E"]
[Black "Iljushin,A"]
[Result "1-0"]
[WhiteElo "2408"]
[BlackElo "2536"]

1.c4 c5 2.Nc3 Nc6 3.Nf3 Nf6 4.g3 g6 5.Bg2 Bg7 6.O-O d6 7.d4 cxd4 8.Nxd4 Bd7
9.Nb3 O-O 10.c5 Ne8 11.Bf4 Be6 12.cxd6 Nxd6 13.Nc5 Bc8 14.Rc1 e5 15.Bg5 Qxg5
16.Qxd6 Qd8 17.Qxd8 Nxd8 18.Nb5 Ne6 19.Nxe6 Bxe6 20.Nc7 Rad8 21.Nxe6 fxe6
22.Rc2 Rf7 23.Rfc1 Rfd7 24.Rc7 b6 25.Bh3 Rxc7 26.Rxc7 Rd6 27.Rxa7 e4 28.b3 e3
29.fxe3 Kf8 30.Kf2 h5 31.g4 hxg4 32.Bxg4 Bf6 33.Kf3 Be7 34.Ke4 Kf7 35.h3 Kf6
36.b4 Rc6 37.a3 Bd6 38.Ra6 Bc7 39.Kd3 Rd6+ 40.Kc4 Rd5 41.a4 Re5 42.Kd3 Rd5+
43.Ke4 Re5+ 44.Kf3 Rd5 45.Ra7 Bd8 46.Ke4 Rd6 47.a5 bxa5 48.bxa5 Rd5 49.a6 Re5+
50.Kd3 Ra5 51.Ra8 Be7 52.Kc4 Rc5+ 53.Kb3 Ra5 54.Ra7 e5 55.Bf3 Bc5 56.Rc7 Bxe3
57.Rc6+ Kf5 58.Bg4+ Kg5 59.Re6 Bd4 60.Kb4 Ra1 61.Kb5 Rb1+ 62.Kc6 Kf4 63.Kd5 g5
64.Rf6+ Ke3 65.Rf3+ Kd2 66.Rd3+ Ke1 67.Ra3 Rb5+ 68.Kc4 Rc5+ 69.Kd3 Rc7 70.e3 Ba7
71.Ra5 Rc6 72.Ke4 Rc3 73.Kxe5 Rxe3+ 74.Kf5 Kf2 75.Kxg5 Kg3 76.Bf5 Re8 77.Ra3+ Re3
78.Ra4 Re8 79.h4 Be3+ 80.Kg6 Rg8+ 81.Kh7 Rf8 82.Bg6 Rd8 83.h5 Bd4 84.Bf7 Ba7
85.h6 Rd7 86.Kg7 Bb8 87.h7 Be5+ 88.Kg6 Ra7 89.Bd5  1-0

[Event "54th ch-RUS"]
[Site "Elista RUS"]
[Date "2001.05.06"]
[Round "6"]
[White "Rustemov,A"]
[Black "Tomashevsky,E"]
[Result "1-0"]
[WhiteElo "2625"]
[BlackElo "2408"]

1.Nf3 Nf6 2.c4 b6 3.Nc3 Bb7 4.d4 e6 5.Bg5 Bb4 6.Nd2 h6 7.Bh4 Qe7 8.e3 Bxc3
9.bxc3 d6 10.f3 Nbd7 11.Bd3 e5 12.e4 Nf8 13.Qa4+ Qd7 14.Qxd7+ N6xd7 15.Bf2 Ne6
16.O-O-O Ke7 17.Rhe1 a5 18.Kb2 a4 19.Ka3 Ba6 20.Rb1 c5 21.d5 Nc7 22.Nf1 Rhb8
23.Ne3 g6 24.h4 Nf6 25.Re2 Bc8 26.Reb2 Ra6 27.Nd1 Nd7 28.Be3 h5 29.Bg5+ f6
30.Bd2 Bb7 31.Ne3 Rh8 32.Bf1 Ra5 33.g3 Ba6 34.Bh3 b5 35.Bf1 bxc4 36.Bxc4 Ra8
37.Bxa6 R5xa6 38.Rb7 R8a7 39.g4 Rxb7 40.Rxb7 Kd8 41.gxh5 gxh5 42.Rb1 Ne8
43.Rg1 Ke7 44.c4 Nb6 45.Rg8 Kf7 46.Rh8 Ng7 47.Rb8 Nd7 48.Rb7 Ke7 49.Nd1 Kd8
50.Rb5 Kc8 51.Ne3 Ne8 52.Rb1 Nb6 53.Rg1 Kd7 54.Rg8 Ke7 55.Rh8 Kf7 56.Kb2 Ng7
57.Kc3 Nd7 58.Rc8 Ke7 59.Kd3 Ra7 60.Bc3 Nf8 61.Rb8 Ng6 62.Ng2 Ne8 63.Rb6 Kd7
64.Rb8 Ke7 65.Ke3 Ng7 66.f4 Nf8 67.f5 Ne8 68.Kf3 Nd7 69.Rb1 Ra6 70.Ne3 Nb6
71.Ke2 Nd7 72.Kd3 Ra7 73.Nf1 Ng7 74.Ng3 Ra8 75.Bd2 Rg8 76.Rh1 Kf7 77.Rg1 Rb8
78.Bc3 Rg8 79.Nf1 Rb8 80.Nd2 Rg8 81.Nb1 Rb8 82.Na3 Ne8 83.Nb5 Rb7 84.Ba5 Rb8
85.Rc1 Ra8 86.Bd2 Nb8 87.Rb1 Na6 88.Na3 Ra7 89.Rb6 Nac7 90.Nb5 Nxb5 91.cxb5 Ke7
92.Kc4 a3 93.Rb8 Ra4+ 94.Kb3 Rd4 95.Bc3 c4+ 96.Kc2  1-0

[Event "54th ch-RUS"]
[Site "Elista RUS"]
[Date "2001.05.07"]
[Round "7"]
[White "Tomashevsky,E"]
[Black "Zakharevich,I"]
[Result "1/2-1/2"]
[WhiteElo "2408"]
[BlackElo "2487"]

1.d4 g6 2.Nf3 Bg7 3.c3 Nf6 4.Bg5 c5 5.e3 Qb6 6.Qb3 O-O 7.Nbd2 d6 8.Bc4 h6
9.Bh4 Qxb3 10.axb3 cxd4 11.exd4 g5 12.Bg3 Nh5 13.O-O Nxg3 14.hxg3 Rd8 15.Rfe1 Kf8
16.b4 Nd7 17.Bf1 Nb6 18.Ra5 Bd7 19.Rea1 a6 20.Nc4 Nxc4 21.Bxc4 Rac8 22.Bf1 Bc6
23.d5 Bd7 24.Nd2 Rb8 25.Nc4 b5 26.Ne3 Bc8 27.Be2 e6 28.Bf3 Re8 29.Re1 Bf6
30.Raa1 Bd8 31.dxe6 fxe6 32.Rad1 Bc7 33.Nc2 Kg7 34.Nd4 Kf6 35.Rd3 e5 36.Nc2 Bf5
37.Be4 Bxe4 38.Rxe4 Ke6 39.Ne3 a5 40.g4 a4 41.Nf5 Rh8 42.Re2 Rh7 43.Red2 Rb6
44.Ne3 Bb8 45.Rd5 h5 46.gxh5 Rxh5 47.g3 Rh8 48.Kg2 Rf8 49.Nc2 Rb7 50.Na3 Rbf7
51.R5d3 Rb7 52.Nc2 Kd7 53.Ne3 Kc6 54.c4 bxc4 55.Nxc4 Rxb4 56.Nxd6  1/2-1/2

[Event "54th ch-RUS"]
[Site "Elista RUS"]
[Date "2001.05.09"]
[Round "9"]
[White "Tomashevsky,E"]
[Black "Lugovoi,A"]
[Result "1/2-1/2"]
[WhiteElo "2408"]
[BlackElo "2512"]

1.d4 Nf6 2.Nf3 d5 3.c4 c6 4.cxd5 cxd5 5.Nc3 Nc6 6.Bf4 Ne4 7.e3 Nxc3 8.bxc3 g6
9.Bd3 Bg7 10.O-O O-O 11.Rb1 b6 12.Bg3 Bb7 13.c4 dxc4 14.Bxc4 Na5 15.Bd3 Rc8
16.Qe2 e6 17.Rbd1 Qe7 18.e4 Qa3 19.Ba6 Rfd8 20.Ne5 Bxa6 21.Qxa6 Nc4 22.Qxa3 Nxa3
23.d5 exd5 24.exd5 Nb5 25.Nc6 Rd7 26.Nb8 Rb7 27.Nc6 Nc3 28.Rd3 Rd7 29.Re1 Kf8
30.h3 Bf6 31.Kh2 Rxd5 32.Rxd5 Nxd5 33.Nxa7 Ra8 34.Rd1 Nc3 35.Rd7 Nxa2 36.Nb5 Nc3  1/2-1/2

[Event "Czech Open"]
[Site "Pardubice CZE"]
[Date "2001.07.21"]
[Round "2"]
[White "Tomashevsky,E"]
[Black "Berger,Stev"]
[Result "1-0"]
[WhiteElo "2449"]
[BlackElo "2311"]

1.c4 c5 2.Nc3 Nc6 3.g3 g6 4.Bg2 Bg7 5.Rb1 e6 6.a3 a5 7.d3 Nge7 8.Nf3 d5 9.O-O O-O
10.Bg5 d4 11.Na4 h6 12.Bxe7 Qxe7 13.Qb3 Rd8 14.Nd2 Nb8 15.Ne4 Nd7 16.Nb6 Rb8
17.Qb5 f5 18.Nxd7 Bxd7 19.Qxc5 Bf8 20.Qxe7 Bxe7 21.Nd2 b5 22.Rfc1 bxc4 23.Nxc4 Rb5
24.a4 Rc5 25.Nb6 Be8 26.Rxc5 Bxc5 27.Nc4 Bb4 28.Ra1 Rc8 29.Bb7 Rc7 30.Ba6 Kg7
31.Bb5 Bf7 32.f4 Kf6 33.h4 g5 34.hxg5+ hxg5 35.Kf2 Bg6 36.Rh1 gxf4 37.gxf4 Rh7
38.Rxh7 Bxh7 39.Be8 Bg6 40.Bxg6 Kxg6 41.Ne5+ Kf6 42.Nc6 Bd6 43.Nxa5 Bxf4
44.Nc6  1-0

[Event "Czech Open"]
[Site "Pardubice CZE"]
[Date "2001.07.25"]
[Round "6"]
[White "Tomashevsky,E"]
[Black "Navara,D"]
[Result "1/2-1/2"]
[WhiteElo "2449"]
[BlackElo "2491"]

1.d4 Nf6 2.Nf3 g6 3.Bg5 Bg7 4.Nbd2 d5 5.e3 O-O 6.Be2 c5 7.c3 Qb6 8.Qb3 Nc6
9.O-O Bf5 10.Bf4 c4 11.Qa3 Nh5 12.Bg3 Nxg3 13.hxg3 Rfe8 14.b3 e5 15.dxe5 Nxe5
16.Nd4 Bf8 17.Qc1 Nd3 18.Qd1 Nb2 19.Qc1 Nd3 20.Qd1  1/2-1/2

[Event "Czech Open"]
[Site "Pardubice CZE"]
[Date "2001.07.26"]
[Round "7"]
[White "Teske,H"]
[Black "Tomashevsky,E"]
[Result "1/2-1/2"]
[WhiteElo "2486"]
[BlackElo "2449"]

1.d4 Nf6 2.Nf3 e6 3.c4 b6 4.g3 Ba6 5.Nbd2 c5 6.Bg2 Bb7 7.O-O cxd4 8.Nxd4 Bxg2
9.Kxg2 Qc8 10.b3 Qb7+ 11.N2f3 Be7 12.Nb5 O-O 13.Bf4 Na6 14.Nd6 Qc6 15.Kg1 Rad8
16.Nd4 Qa8 17.N4b5 Nc5 18.b4 Nce4 19.Rc1 Bxd6 20.Nxd6 Ne8 21.c5 bxc5 22.bxc5 N4f6
23.Qd4 Nd5 24.Bg5 f6 25.Bd2 Ne7 26.Rfd1 Nc6 27.Qd3 Nxd6 28.cxd6 Rb8 29.Rc2 Rfc8
30.Rdc1 Ne5 31.Qd4 Rxc2 32.Rxc2 Rb1+ 33.Bc1 Nc6 34.Qe4 Qb7 35.Kg2 Rb5 36.Bf4 g5
37.Bc1 Re5  1/2-1/2

[Event "Czech Open"]
[Site "Pardubice CZE"]
[Date "2001.07.27"]
[Round "8"]
[White "Tomashevsky,E"]
[Black "Vokac,M"]
[Result "1/2-1/2"]
[WhiteElo "2449"]
[BlackElo "2507"]

1.c4 c5 2.Nc3 Nc6 3.g3 g6 4.Bg2 Bg7 5.a3 d6 6.Nf3 e5 7.d3 Nge7 8.O-O O-O
9.Rb1 a5 10.Ne1 Be6 11.Nc2 Rb8 12.Ne3 Nd4 13.Bd2 b5 14.Nxb5 Nxb5 15.cxb5 Rxb5
16.Nc4 d5 17.a4 Rb8 18.Nxa5 Ra8 19.Qe1 Qd7 20.b4 cxb4 21.Bxb4 Rfc8 22.Nb3 Nc6
23.Nc5 Qe8 24.Nxe6 Qxe6 25.Qd1 e4 26.Bc5 f5 27.Rb5 Ra6 28.Qb3 Re8 29.Rb1 h5
30.Bb6 Bd4 31.a5 Bxb6 32.Rxb6 Rxb6 33.axb6 Kh7 34.e3 Rb8 35.Qc3 Rb7 36.Qc5 Ne7
37.dxe4 dxe4 38.Bf1 Qd5 39.Qc3 Qd6 40.Qa5 Nc8 41.Qa4 Rxb6 42.Rd1 Qf6 43.Rd7+ Kh6
44.Qc4 Ne7 45.Qc7 Re6 46.h4 f4 47.Qxf4+ Qxf4 48.exf4 e3 49.fxe3 Rxe3 50.Kf2 Nf5
51.Bd3 Re6 52.Ra7 Ne3 53.Be2 Nf5 54.Bc4 Re7 55.Ra6 Kg7 56.Bd3 Rd7 57.Bxf5 gxf5
58.Ke3 Rd1 59.Ra3 Kf6 60.Rd3 Re1+ 61.Kd4 Ke6 62.Rc3 Rd1+ 63.Kc5 Rd2 64.Kc6 Kf6
65.Kc7 Kf7 66.Rc5 Kf6 67.Rc6+ Kg7 68.Rc3 Kg6 69.Re3 Kf6 70.Re8 Kg7 71.Re7+ Kg6
72.Re6+ Kg7 73.Rc6 Rg2 74.Rc3 Kf7 75.Kd6 Kf6 76.Kd5 Rg1 77.Kd4 Ke6 78.Ra3 Rd1+
79.Ke3 Kf6 80.Ra6+ Kg7  1/2-1/2

[Event "WYB14"]
[Site "Oropesa del Mar ESP"]
[Date "2001.10.21"]
[Round "1"]
[White "Tomashevsky,E"]
[Black "Martins,H"]
[Result "1-0"]
[WhiteElo "2468"]
[BlackElo "2036"]

1.c4 Nf6 2.Nc3 g6 3.g3 Bg7 4.Bg2 O-O 5.e4 d6 6.Nge2 c5 7.O-O Nc6 8.d3 Bg4
9.f3 Bd7 10.Be3 a6 11.Qd2 Rb8 12.Rad1 b5 13.b3 Ne8 14.f4 Bg4 15.Rfe1 b4 16.Nb1 Bxe2
17.Qxe2 Nd4 18.Qf2 e5 19.Bxd4 exd4 20.Nd2 Nf6 21.Bf3 Nd7 22.Kg2 a5 23.h4 f6
24.h5 g5 25.h6 Bxh6 26.Rh1 Bg7 27.Bg4 h6 28.Be6+ Kh8 29.Rh3 Re8 30.Bf5 Kg8
31.Rdh1 Kf7 32.Qf3 Ke7 33.Qg4 Qc7 34.Nf3 Rh8 35.Be6 Rbe8 36.Nh4 Nf8 37.Nf5+ Kd8
38.Bd5 Ne6 39.Bxe6 Rxe6 40.Nxg7  1-0

[Event "WYB14"]
[Site "Oropesa del Mar ESP"]
[Date "2001.10.23"]
[Round "3"]
[White "Tomashevsky,E"]
[Black "Bordi,K"]
[Result "1-0"]
[WhiteElo "2468"]
[BlackElo "2142"]

1.Nf3 d5 2.e3 Nf6 3.b3 Bg4 4.Bb2 e6 5.Be2 Bd6 6.d4 Nbd7 7.Nbd2 Qe7 8.O-O c6
9.c4 O-O 10.Ne5 Bxe2 11.Qxe2 Ne8 12.Nxd7 Qxd7 13.e4 dxe4 14.Nxe4 Be7 15.Rad1 Rd8
16.Qf3 Nf6 17.Ng3 Qc7 18.Rfe1 Rd7 19.d5 cxd5 20.Bxf6 Bxf6 21.Nh5 Qd8 22.cxd5 exd5
23.g3 Rd6 24.Rd3 g6 25.Nf4 Qa5 26.Re2 Rfd8 27.h4 Qb5 28.Kg2 Kg7 29.Red2 d4
30.Rc2 Rc6 31.Rxc6 Qxc6 32.Qxc6 bxc6 33.Rd1 Rd6 34.Nd3 Bd8 35.Re1 Re6 36.Rxe6 fxe6
37.Kf3 Kf6 38.Ke4 Bb6 39.b4 Ke7 40.Ne5 c5 41.Nc4 Kd7 42.b5 Bd8 43.a4 g5 44.h5 Bf6
45.g4 h6 46.f3 Kc7 47.Kd3 Bg7 48.Kc2 Bh8 49.Kb3 Bg7 50.Kc2 Bf6 51.Kd3 Bh8
52.Nd2 Kd6 53.Kc4 d3 54.Kxd3 Kd5 55.Nc4 Bf6 56.a5 Bd8 57.a6 Bc7 58.b6 Bb8
59.bxa7 Bxa7 60.f4 gxf4 61.g5 e5 62.gxh6 e4+ 63.Kc3 f3 64.h7  1-0

[Event "WYB14"]
[Site "Oropesa del Mar ESP"]
[Date "2001.10.24"]
[Round "4"]
[White "Bellaiche,A"]
[Black "Tomashevsky,E"]
[Result "0-1"]
[WhiteElo "2281"]
[BlackElo "2468"]

1.e4 Nf6 2.e5 Nd5 3.d4 d6 4.Nf3 Bg4 5.Be2 e6 6.c4 Nb6 7.Nc3 Be7 8.O-O O-O
9.Be3 N8d7 10.exd6 cxd6 11.b3 Nf6 12.d5 e5 13.Nd2 Bf5 14.a4 Nbd7 15.a5 Ne8
16.f3 Bg6 17.b4 f5 18.f4 exf4 19.Bxf4 Bg5 20.Qb3 Qe7 21.Bxg5 Qxg5 22.Rad1 Nef6
23.Nb5 Rae8 24.Nf3 Qh6 25.Nfd4 Re3 26.Qb2 Ne4 27.Ne6 Rf6 28.Bf3 Ne5 29.Bxe4 fxe4
30.Rxf6 gxf6 31.Qd2 Ng4 32.g3 Rd3 33.Qxh6 Rxd1+ 34.Kg2 Nxh6  0-1

[Event "WYB14"]
[Site "Oropesa del Mar ESP"]
[Date "2001.10.28"]
[Round "7"]
[White "Tomashevsky,E"]
[Black "Amin,B"]
[Result "1-0"]
[WhiteElo "2468"]
[BlackElo "2192"]

1.d4 e6 2.c4 Bb4+ 3.Bd2 Qe7 4.g3 Nc6 5.Nf3 Nf6 6.Bg2 Bxd2+ 7.Nbxd2 d6 8.O-O a5
9.e4 e5 10.d5 Nb8 11.Ne1 O-O 12.Nd3 Na6 13.Qc2 Nd7 14.f4 exf4 15.gxf4 f5
16.Qc3 fxe4 17.Nxe4 Nf6 18.Rae1 Nxe4 19.Rxe4 Qf6 20.Qxf6 Rxf6 21.Re8+ Rf8
22.Rxf8+ Kxf8 23.f5 Ke7 24.Bh3 Nb4 25.Nf4 Nxa2 26.Rf3 Bd7 27.f6+ gxf6 28.Nd3 Kd8
29.Rg3 b6 30.Rg8+ Be8 31.Rg7  1-0

[Event "ch-RUS Boys U20"]
[Site "Vladimir RUS"]
[Date "2002.03.02"]
[Round "2"]
[White "Bryzgalin,K"]
[Black "Tomashevsky,E"]
[Result "1/2-1/2"]
[WhiteElo "2396"]
[BlackElo "2452"]

1.e4 Nf6 2.e5 Nd5 3.d4 d6 4.Nf3 Bg4 5.Be2 e6 6.c4 Nb6 7.exd6 cxd6 8.O-O Be7
9.Nbd2 O-O 10.b3 N8d7 11.Bb2 Nf6 12.Rc1 Nbd7 13.Re1 Bh5 14.h3 Rc8 15.Nf1 Bg6
16.Ne3 d5 17.Nh4 Re8 18.Nxg6 hxg6 19.Bf3 b6 20.Nc2 Bf8 21.Na3 e5 22.Qd3 exd4
23.Qxd4 Ne5 24.Be2 a5 25.cxd5 Bc5 26.Qf4 g5 27.Qa4 Ng6 28.Bf1 Rxe1 29.Rxe1 Qxd5
30.Bxf6 gxf6 31.Re8+ Rxe8 32.Qxe8+ Kg7 33.Nc4 Qe6 34.Qxe6 fxe6 35.g3 f5 36.Bd3 Kf6
37.Kf1 Ne7 38.Ke2 Nd5 39.a4 Nb4 40.Bb1 Nc6 41.Nd2 Nd4+ 42.Kd3 Nc6 43.f3 Bf2
44.g4 Ne5+ 45.Ke2 Bc5 46.f4 Ng6 47.fxg5+ Kxg5 48.gxf5 exf5 49.Nf3+ Kf4 50.Bd3 Kg3
51.Ng5 Nf4+ 52.Kd2 Bb4+ 53.Ke3 Be7 54.h4 Nxd3 55.Kxd3 Kxh4 56.Nf3+  1/2-1/2

[Event "ch-RUS Boys U20"]
[Site "Vladimir RUS"]
[Date "2002.03.03"]
[Round "3"]
[White "Tomashevsky,E"]
[Black "Zablotsky,S"]
[Result "1/2-1/2"]
[WhiteElo "2452"]
[BlackElo "2381"]

1.d4 d5 2.Nf3 Nc6 3.Bf4 Nf6 4.e3 Nh5 5.c3 Nxf4 6.exf4 g6 7.Nbd2 Bg7 8.Bd3 Qd6
9.g3 Bh3 10.Qe2 f6 11.O-O-O O-O-O 12.Rde1 Rhe8 13.Bb5 a6 14.Bxc6 Qxc6 15.Qd1 b6
16.Re3 Kb7 17.Rhe1 Qd6 18.Qe2 Bf8 19.Kb1 h6 20.Ka1 g5 21.fxg5 hxg5 22.c4 dxc4
23.Nxc4 Qd5 24.Rc3 Bg4 25.Rec1 Rd7 26.h3 Bh5 27.g4 Bf7 28.b3 Kb8 29.Ne3 Qb7
30.d5 e5 31.Rc6 Bc5 32.Rxf6 Bxd5 33.Rxc5 Bxf3 34.Qxf3 Qxf3 35.Rxf3 bxc5 36.Nc4  1/2-1/2

[Event "ch-RUS Boys U20"]
[Site "Vladimir RUS"]
[Date "2002.03.04"]
[Round "4"]
[White "Farakhov,R"]
[Black "Tomashevsky,E"]
[Result "0-1"]
[WhiteElo "2307"]
[BlackElo "2452"]

1.e4 c5 2.Nf3 Nc6 3.d4 cxd4 4.Nxd4 Nf6 5.Nc3 e5 6.Ndb5 d6 7.Bg5 a6 8.Na3 b5
9.Bxf6 gxf6 10.Nd5 f5 11.Bd3 f4 12.g3 Be6 13.c3 Bg7 14.Rg1 Bxd5 15.exd5 Ne7
16.gxf4 Bf6 17.f5 e4 18.Bxe4 Nc8 19.Nc2 Nb6 20.Nb4 Nd7 21.Qe2 Kf8 22.Nc6 Qb6
23.Qh5 h6 24.Kf1 Re8 25.Re1 Qc5 26.Qe2 Nb6 27.Qd3 Qc4 28.Nb4 a5 29.b3 Qxd3+
30.Nxd3 Bxc3 31.Re2 b4 32.Bf3 Rxe2 33.Kxe2 Ke7 34.Nc1 Rc8 35.Nd3 Kf6 36.Be4 Re8
37.Kf3 Nd7 38.Rc1 Rh8 39.a4 Rg8 40.h3 Ke7 41.Rd1 Kd8 42.Nf4 Be5 43.Ne2 Nc5
44.Bc2 Ke7 45.Ke3 Rg2 46.Rh1 Rg8 47.Rg1 Rc8 48.Kd2 Nd7 49.Bd3 Rc5 50.Rc1 Rxd5
51.Ke3 Rc5 52.Rxc5 Nxc5 53.Bc4 Nd7 54.Nc1 Nb6 55.Bb5 Nd5+ 56.Kf3 Kf6 57.Nd3 Ne7
58.Kg4 Nxf5 59.Bc4 Ne7 60.Kh5 Kg7 61.Bb5 Ng8 62.Kg4 Nf6+ 63.Kf5 Bd4 64.Bc6 Bb6
65.f4 Ng8 66.Ke4 Ne7  0-1

[Event "ch-RUS Boys U20"]
[Site "Vladimir RUS"]
[Date "2002.03.05"]
[Round "5"]
[White "Tomashevsky,E"]
[Black "Kurnosov,I"]
[Result "1/2-1/2"]
[WhiteElo "2452"]
[BlackElo "2419"]

1.Nf3 g6 2.d4 Bg7 3.c3 Nf6 4.Bg5 O-O 5.Nbd2 d5 6.e3 c5 7.Be2 Qb6 8.Qb3 Nc6
9.O-O Bf5 10.Bh4 c4 11.Qxb6 axb6 12.a3 Bc8 13.h3 b5 14.Rfe1 h5 15.Bg3 Ne4
16.Nxe4 dxe4 17.Nd2 e5 18.Nf1 Be6 19.Rad1 Rad8 20.dxe5 Bxe5 21.Bxe5 Nxe5
22.Rd4 Rxd4 23.exd4 Nd3 24.Bxd3 exd3 25.f3 f6 26.Kf2 Kf7 27.h4 Rd8 28.Nd2 Bd5
29.g3 b6 30.Rg1 Bc6 31.Re1 Bd5  1/2-1/2

[Event "ch-RUS Boys U20"]
[Site "Vladimir RUS"]
[Date "2002.03.06"]
[Round "6"]
[White "Grachev,B"]
[Black "Tomashevsky,E"]
[Result "1-0"]
[WhiteElo "2394"]
[BlackElo "2452"]

1.d4 Nf6 2.c4 e6 3.Nf3 b6 4.g3 Ba6 5.Qa4 c5 6.Bg2 Bb7 7.dxc5 Bxc5 8.O-O O-O
9.Nc3 Be7 10.Rd1 d6 11.Bf4 a6 12.Rac1 Qc7 13.Rd2 Rd8 14.Qd1 Ne8 15.b3 Nd7
16.Ng5 Bxg2 17.Kxg2 h6 18.Nf3 Qb7 19.Kg1 Rac8 20.Be3 Rc7 21.Na4 Rdc8 22.Rdc2 Nef6
23.h3 Ne4 24.Nd2 Nxd2 25.Qxd2 Rc6 26.Nb2 Nf6 27.Nd3 Ne4 28.Qd1 R6c7 29.Kh2 Rd7
30.Qh1 Nf6 31.Qxb7 Rxb7 32.Kg2 Kf8 33.f3 Ke8 34.Bd4 g6 35.Kf2 Nd7 36.h4 h5
37.Ke1 Rbc7 38.Kd2 Bf6 39.Bxf6 Nxf6 40.Rc3 Ke7 41.b4 Nd7 42.Ra3 Nb8 43.Rac3 a5
44.bxa5 bxa5 45.Rb1 Nc6 46.e3 Kd7 47.Rb5 Ra8 48.Ra3 Rac8 49.Rc3 Ke7 50.f4 Kd7
51.c5 Ne7 52.Rxa5 Nf5 53.Ra6 Nxg3 54.Rxd6+ Ke7 55.Rd4 Nf5 56.Rb4 Nxh4 57.Ke2 Nf5
58.e4 Nh6 59.Kf3 f6  1-0

[Event "ch-RUS Boys U20"]
[Site "Vladimir RUS"]
[Date "2002.03.09"]
[Round "8"]
[White "Kosintseva,T"]
[Black "Tomashevsky,E"]
[Result "1/2-1/2"]
[WhiteElo "2358"]
[BlackElo "2452"]

1.e4 Nf6 2.e5 Nd5 3.d4 d6 4.c4 Nb6 5.exd6 exd6 6.Nc3 Be7 7.h3 Nc6 8.Nf3 Bf5
9.d5 Nb8 10.Be2 O-O 11.O-O Re8 12.Nd4 Bc8 13.Bd3 g6 14.Be3 N6d7 15.f4 Bf6
16.Qd2 c5 17.dxc6 Nxc6 18.Nxc6 bxc6 19.Ne4 Nc5 20.Nxf6+ Qxf6 21.Rad1 Nxd3
22.Qxd3 Bf5 23.Qd2 c5 24.Bf2 Re6 25.Rfe1 Be4 26.b4 Qf5 27.bxc5 dxc5 28.Qa5 Rae8
29.Qxa7 Qxf4 30.Qxc5 Re5 31.Qe3 Qf6 32.Qc3 Qg5 33.Bg3 R5e6 34.Kh2 h5 35.h4 Qg4
36.Qd2 Ra6 37.Qf2 Qc8 38.Rd4 Rae6 39.a4 Qa8 40.c5 Qc6 41.Bd6 Qa6 42.Qe2 Qa8
43.Qd2 Qa6 44.Qe2 Bd3 45.Qxd3 Qxd3 46.Rxd3 Rxe1 47.c6 Ra1 48.Rd4 Rc1 49.c7 Rc8
50.a5 R8xc7 51.Bxc7 Rxc7 52.a6 Ra7 53.Ra4 f6  1/2-1/2

[Event "ch-RUS Boys U20"]
[Site "Vladimir RUS"]
[Date "2002.03.11"]
[Round "10"]
[White "Iljin,A"]
[Black "Tomashevsky,E"]
[Result "1/2-1/2"]
[WhiteElo "2364"]
[BlackElo "2452"]

1.Nf3 d6 2.d4 Bg4 3.c4 Nd7 4.Qb3 Rb8 5.g3 Bxf3 6.Qxf3 g6 7.Bg2 Bg7 8.e3 c5
9.dxc5 Nxc5 10.Qe2 Nf6 11.O-O O-O 12.Nc3 a6 13.Rd1 Nfd7 14.Bd2 b5 15.cxb5 axb5
16.Nd5 Re8 17.Be1 Rc8 18.Rac1 Rb8 19.b4 Ne6 20.Nc3 Bxc3 21.Bxc3 Qb6 22.f4 Rec8
23.Ba1 Nf6 24.Kh1 Qa6 25.e4 Qa3 26.Qb2 Qxb2 27.Bxb2 Ng4 28.Rxc8+ Rxc8 29.Rc1 Ra8  1/2-1/2

[Event "KB Czech Open"]
[Site "Pardubice CZE"]
[Date "2002.07.26"]
[Round "8"]
[White "Lindberg,Be"]
[Black "Tomashevsky,E"]
[Result "0-1"]
[WhiteElo "2362"]
[BlackElo "2440"]

1.e4 Nf6 2.e5 Nd5 3.d4 d6 4.Nf3 Nb6 5.a4 a5 6.Bb5+ c6 7.Bd3 Bg4 8.h3 Bxf3
9.Qxf3 dxe5 10.dxe5 e6 11.O-O N8d7 12.Bf4 Qc7 13.Re1 Nc5 14.Nc3 Be7 15.Bf1 O-O
16.Ne4 Nxe4 17.Rxe4 Nd5 18.Bg3 Qb6 19.c4 Nb4 20.b3 Rad8 21.Rc1 Rd7 22.h4 Rfd8
23.h5 Rd4 24.Rxd4 Qxd4 25.Be2 Qb2 26.Rd1 Rxd1+ 27.Bxd1 Bg5 28.Qe2 Qc1 29.Qg4 h6
30.Qd4 Bd2 31.Qg4 Nd3 32.Kh2 Bg5 33.Qe2 Nb4 34.Qg4 Nd3 35.Qe2 Nf4 36.Bxf4 Qxf4+
37.g3 Qd4 38.Kg2 Be7 39.Bc2 Bc5 40.Bb1 Kf8 41.Bc2 Ke7 42.f4 Qg1+ 43.Kf3 Qh1+
44.Kg4 Qc1 45.Qd1 Qe3 46.Qf3 Qd2 47.Be4 f5+ 48.exf6+ gxf6 49.f5 e5 50.Kh3 Be3
51.Qg4 Bg5 52.Bf3 Qe3 53.Bd1 Kd6 54.Bc2 Kc5 55.Bd1 Kb4 56.Kg2 Qd2+ 57.Kf1 Be3
58.Qe2 Kc3 59.Qf3 e4 60.Qe2 Bc5 61.g4 Be3 62.c5 Qxe2+ 63.Kxe2 Bxc5 64.Ke1 Be3
65.Ke2 Bf4 66.Ke1 b5 67.axb5 cxb5 68.Ke2 Kb4 69.Bc2 a4 70.bxa4 bxa4 71.Bxe4 a3
72.Bd5 Kc3 73.Kf3 Bg5  0-1

[Event "KB Czech Open"]
[Site "Pardubice CZE"]
[Date "2002.07.27"]
[Round "9"]
[White "Tomashevsky,E"]
[Black "Ganguly,S"]
[Result "1/2-1/2"]
[WhiteElo "2440"]
[BlackElo "2524"]

1.c4 e5 2.Nc3 Nf6 3.g3 d5 4.cxd5 Nxd5 5.Bg2 Nb6 6.d3 Be7 7.Nf3 Nc6 8.O-O O-O
9.a3 Be6 10.b4 a5 11.bxa5 Rxa5 12.Rb1 Bxa3 13.Be3 Bc5 14.Qd2 f6 15.Rfc1 Qe7
16.Bxc5 Rxc5 17.Qd1 f5 18.Nb5 Rxc1 19.Qxc1 Ba2 20.Rb2 Bd5 21.Nc3 Bxf3 22.Bxf3 Qc5
23.Na2 Qxc1+ 24.Nxc1 Rf6 25.Nb3 Nd7 26.Rc2 Ndb8 27.e3 Rd6 28.Rc3 Kf8 29.d4 e4
30.Be2 Ke7 31.g4 g6 32.gxf5 gxf5 33.Rc5 Kf6 34.Rc3 b6 35.f3 exf3 36.Bxf3 Ke7
37.Nd2 Kd7 38.Nc4 Rg6+ 39.Kf2 b5 40.Nb2 Rh6 41.Kg3 Ne7 42.Rb3 Rb6 43.Be2 Rg6+
44.Kf3 c6 45.Nd3 Kd6 46.Ne5 Rg7 47.Ra3 Nd7 48.Nxd7 Kxd7 49.Bd3 Rg8 50.Ra1 Kd6
51.Bc2 Re8 52.Ra3 b4 53.Rb3 c5 54.dxc5+ Kxc5 55.Rb1 Nd5 56.Re1 Re5 57.Bb3 Kb5
58.h4 h6 59.Re2 Kc5 60.Re1 Kb5 61.Re2 Ne7 62.Rc2 Nc6 63.Rd2 Na5 64.Bg8 Nc4
65.Rd4 Rc5 66.Rd8 b3 67.Rb8+ Ka4 68.Ke2 Rb5 69.Rxb5 Kxb5 70.Kd3 Na5 71.Kc3 Kc5
72.Bh7 Nc4 73.Bxf5 b2 74.Bb1 Nxe3 75.Kxb2 Kd4 76.Bg6 Ng2 77.h5 Nf4 78.Kc2 Ke3
79.Kd1 Kf3 80.Ke1 Kg4 81.Kf2 Nxh5 82.Bxh5+  1/2-1/2

[Event "10th Chigorin Mem"]
[Site "St Petersburg RUS"]
[Date "2002.10.28"]
[Round "4"]
[White "Tomashevsky,E"]
[Black "Orlinkov,M"]
[Result "1-0"]
[WhiteElo "2444"]
[BlackElo "2399"]

1.Nf3 d5 2.e3 Nf6 3.c4 g6 4.b3 Bg7 5.Bb2 O-O 6.cxd5 Nxd5 7.Bxg7 Kxg7 8.Qc1 e6
9.Nc3 Nxc3 10.Qxc3+ Qf6 11.d4 c6 12.Nd2 Nd7 13.Ne4 Qh4 14.Bd3 Kg8 15.O-O Qe7
16.f4 f5 17.Ng5 Nf6 18.Rac1 Nd5 19.Qd2 Bd7 20.Nf3 a5 21.Bc4 Nf6 22.Qb2 Rac8
23.Ne5 Rfd8 24.Rfd1 Be8 25.g3 h6 26.Qg2 b5 27.Bf1 Nd5 28.Re1 c5 29.e4 Nf6
30.exf5 gxf5 31.g4 Rxd4 32.gxf5+ Kh8 33.Rc3 Bh5 34.Rg3 Rxf4 35.fxe6 Rf8 36.Bxb5 c4
37.Bxc4 Ng4 38.Rxg4 Rxg4 39.Nxg4 Bxg4 40.Rf1 Rg8 41.Qb2+ Rg7 42.Rf7 Qc5+
43.Qf2 Qg5 44.Rxg7 Kxg7 45.h4 Qc1+ 46.Kg2 Qc3 47.e7 Qh3+ 48.Kg1 Bf3 49.Qd4+  1-0

[Event "10th Chigorin Mem"]
[Site "St Petersburg RUS"]
[Date "2002.11.01"]
[Round "7"]
[White "Tomashevsky,E"]
[Black "Kruppa,Y"]
[Result "0-1"]
[WhiteElo "2444"]
[BlackElo "2522"]

1.d4 Nf6 2.Nf3 d6 3.c3 Nbd7 4.Bf4 c6 5.e3 Nh5 6.Bg5 h6 7.Bh4 g5 8.Bg3 Bg7
9.Bd3 Ndf6 10.Nbd2 Qc7 11.e4 Nxg3 12.hxg3 Bd7 13.Nc4 Nxe4 14.Bxe4 d5 15.Bd3 dxc4
16.Bxc4 g4 17.Nd2 c5 18.d5 Qe5+ 19.Qe2 b5 20.Qxe5 Bxe5 21.Bd3 Bg7 22.O-O-O c4
23.Bc2 O-O 24.Rde1 e6 25.Rh5 Rab8 26.Ne4 exd5 27.Rxd5 Be6 28.Rh5 b4 29.Re3 bxc3
30.bxc3 Rfd8 31.Ra5 Rd5 32.Rxd5 Bxd5 33.f4 Rb6 34.Nc5 Bf8 35.Ne4 Ba3+ 36.Kd1 Kg7
37.Nd2 Rd6 38.Ke1 Bc1 39.Re2 Bb2 40.Nb1 Ra6 41.a4 Re6 42.Bf5 Rxe2+ 43.Kxe2 h5
44.Kd1 Kf6 45.Bh7 Bxg2 46.Kc2 h4 47.gxh4 Bc6 48.Nd2 Ba3 49.Ne4+ Kg7 50.Bf5 Bxa4+
51.Kd2 Bc6 52.Ke3 Bc1+ 53.Kd4 Bxe4 54.Kxe4 g3 55.Bh3 a5 56.Bf1 a4 57.Kf3 Bxf4
58.Bxc4 f5 59.Kg2 Kg6 60.Ba2 Bd6 61.Bb1 Kf6 62.h5 a3 63.h6 Kg6  0-1

[Event "Jch-RUS b20"]
[Site "Essentuki RUS"]
[Date "2003.03.03"]
[Round "2"]
[White "Tomashevsky,E"]
[Black "Kornilov,I"]
[Result "1-0"]
[WhiteElo "2444"]
[BlackElo "2371"]

1.Nf3 d5 2.d4 c6 3.e3 e6 4.Bd3 f5 5.b3 Bd6 6.c4 Nf6 7.O-O Qe7 8.a4 b6 9.a5 Bb7
10.Ba3 c5 11.Nc3 Nbd7 12.cxd5 Nxd5 13.Nxd5 Bxd5 14.Bc4 Nf6 15.Bxd5 Nxd5 16.axb6 Nxb6
17.dxc5 Bxc5 18.Bxc5 Qxc5 19.Qd4 Qxd4 20.Nxd4 Kf7 21.Ra6 Kf6 22.Rfa1 Rhc8
23.g3 e5 24.Nb5 Kg5 25.Rxa7 g6 26.Rxa8 Nxa8 27.Nd6 Rb8 28.Ra7 f4 29.Nc4 fxe3
30.Nxe3 Kf6 31.Nc4 e4 32.Nd2 e3 33.fxe3 h5 34.Ra6+ Kf7 35.Nc4 Rd8 36.Ne5+  1-0

[Event "Jch-RUS b20"]
[Site "Essentuki RUS"]
[Date "2003.03.06"]
[Round "5"]
[White "Farakhov,R"]
[Black "Tomashevsky,E"]
[Result "1/2-1/2"]
[WhiteElo "2392"]
[BlackElo "2444"]

1.e4 Nf6 2.e5 Nd5 3.d4 d6 4.Nf3 Nb6 5.a4 a5 6.Bb5+ c6 7.Be2 g6 8.h3 Bg7 9.Bf4 dxe5
10.Bxe5 Bxe5 11.Nxe5 N8d7 12.Nf3 O-O 13.O-O Nf6 14.c4 Qc7 15.Nc3 Nbd7 16.Re1 Re8
17.Bf1 Nf8 18.Qb3 Bd7 19.Re3 c5 20.d5 e6 21.Rd1 Ra6 22.dxe6 Raxe6 23.Rxe6 Bxe6
24.Nb5 Qb8 25.Qc3 Ne4 26.Qxa5 b6 27.Qa6 Bc8 28.Qa7 Qxa7 29.Nxa7 Bb7 30.Nb5 Ne6
31.Ne5 Nf8 32.Ng4 h5 33.Ne3 Ne6 34.Nd5 Rd8 35.Re1 Nd2 36.Nxb6 Nf4  1/2-1/2